International conference : marketing of technology oriented products and services in the global enviornment, December 27-28, 2002 (Record no. 180675)

MARC details
000 -LEADER
fixed length control field 00518nam a2200145Ia 4500
008 - FIXED-LENGTH DATA ELEMENTS--GENERAL INFORMATION
fixed length control field 231217s9999 xx 000 0 und d
041 ## - LANGUAGE CODE
Language code of text/sound track or separate title English
082 ## - DEWEY DECIMAL CLASSIFICATION NUMBER
Classification number 658.8 SHA;1 R
100 ## - MAIN ENTRY--PERSONAL NAME
Personal name Shainesh, G. Citrin, Alka. Malhotra, Naresh
245 #0 - TITLE STATEMENT
Title International conference : marketing of technology oriented products and services in the global enviornment, December 27-28, 2002
260 ## - PUBLICATION, DISTRIBUTION, ETC.
Date of publication, distribution, etc. 2002
Name of publisher, distributor, etc. Indian Institute of Management
Place of publication, distribution, etc. Bangalore
300 ## - PHYSICAL DESCRIPTION
Extent vii+362
650 ## - SUBJECT ADDED ENTRY--TOPICAL TERM
Topical term or geographic name entry element conference,:,marketing
942 ## - ADDED ENTRY ELEMENTS (KOHA)
Koha item type Books
Holdings
Date last seen Total checkouts Full call number Accession number Price effective from Category Lost status Damaged status Department Withdrawn status Home library Current library Shelving location Entry date Grants Billdate Currency symbol Conversion rate Discount Old discount
26/01/2024   658.8 SHA;1 R 49209 26/01/2024 Books     Central Library   Central Library Central Library Central Library 03/06/2008 DONATED 17/01/2009 RS 1    

© For any Suggestions or Query, please contact the library staff @ librarian@pes.edu or Phone: +9180 2672 1983/ 2108.